Statistics for Every NCAA Division I School in New York

Click here to take the quiz!

General Stats

  • This quiz has been taken 27 times
  • The average score is 13 of 22

Answer Stats

AnswerConference% Correct
SyracuseACC
95%
CornellIvy League
91%
ColumbiaIvy League
86%
AlbanyAmerica East
82%
BuffaloMAC
82%
ArmyPatriot League/Independent
73%
BinghamtonAmerica East
73%
LIUNortheast
68%
FordhamAtlantic 10
64%
St. John'sBig East
64%
HofstraCAA
55%
ManhattanMAAC
55%
Stony BrookCAA
55%
ColgatePatriot League
50%
IonaMAAC
50%
MaristMAAC
45%
St. BonaventureAtlantic 10
45%
CanisiusMAAC
41%
NiagaraMAAC
41%
SienaMAAC
36%
WagnerNortheast
36%
Le MoyneNortheast
18%

Score Distribution

Percentile by Number Answered

Percent of People with Each Score

Your Score History

You have not taken this quiz